| 000 | 00622nam a2200217 i 4500 | ||
|---|---|---|---|
| 001 | 57477 | ||
| 003 | ES-MaACL | ||
| 005 | 20250605123846.0 | ||
| 007 | t| | ||
| 008 | 031016s1948 fr f |||| | fre d | ||
| 080 | _a75 Cézanne, Paul | ||
| 100 | 1 |
_aDorival, Bernard. _945407 |
|
| 245 | 1 | 0 |
_aCézanne / _cpar Bernard Dorival. |
| 260 |
_a[París] : _bPierre Tisné, _c[1948] ( _eDijon : _fDarantiére) |
||
| 300 |
_a202 p., 190 lám. ; _c26 cm. |
||
| 490 | 1 | _aProméthée | |
| 600 | 1 | 4 |
_aCézanne, Paul, _d1839-1906 _9240803 |
| 830 | 0 |
_aProméthée _9182618 |
|
| 852 |
_aES-MaACL _jA-167 |
||
| 999 |
_c57477 _d57477 |
||